000 005700000a22001930004500
020 _a84-8307-080-4
041 0 _aSPA
082 0 4 _aG 301 G658h
100 1 _aGoody, Jack (1919-)
245 1 0 _aEl hombre, la escritura y la muerte : Conversación con Pierre-Emmanuel Dauzat / Jack Goody ; Mingus B. Formentor, Traductor
260 _aBarcelona, España : Península
300 _a174 Pag.
650 1 4 _aANTROPOLOGIA
001 519
942 _cBK
999 _c32038
_d32038
336 _atexto
_btxt
_2rdacontent
337 _2rdamedia
_asin mediación
_bn
338 _2rdacarrier
_avolumen
_bnc